Explorateurs célèbres - Statistiques

Statistiques générales
  • Ce quiz a été pris 17 fois
    7 depuis la dernière actualisation
  • Le résultat moyen est 14 sur 65
Statistiques - réponses
Indices Réponses % Correct
Né en république de Gênes et mort à Valladolid en 1506, il est célèbre pour avoir atteint l'Amérique en 1492 (malgré ses 4 voyages, il ignorait avoir mis les pieds sur un nouveau continent, il croyait que les terres qu’il avait découvertes appartenaient aux Indes). Il réussit cet exploit grâce au financement espagnol et le soutien de la reine Isabelle la Catholique qui lui a permis de faire plusieurs voyages. Christophe Colomb
100%
Explorateur portugais qui entreprit le premier voyage autour du monde mais fut tué aux Philippines. Ferdinand de Magellan
86%
Marchand, bijoutier et navigateur italien. Il fut le premier à émettre l'hypothèse que la côte de l'Amérique du Sud constituait un nouveau continent, alors que tous les navigateurs de l'époque, y pensaient débarquer en Asie. C'est à partir de son prénom que sera créé le nom propre « Amérique » En 1501-1502, avec les Portugais, il découvre la baie de Guanabara (Rio de Janeiro) et le rio de la Plata. Il meurt de malaria. Amerigo Vespucci
71%
Banni d’Islande pour meurtre, il fonda au Groenland (“terre verte”) une colonie dont il devint le chef. Erik le Rouge
71%
Marchand vénitien, principalement connu pour son Livre des merveilles dont le contenu révèle ses aventures en Orient. Le livre fut écrit alors qu'il était prisonnier à Gênes. Il est parti à 17 ans pour l'Asie (Perse, Inde, Chine) avec son père Niccolò et son oncle Matteo. Marco Polo
71%
Navigateur engagé par le roi de France François Ier en 1534 pour découvrir une route vers les Indes et l'Asie en passant par l'Amérique du Nord. Il atteint en mai 1534 le golfe du Saint-Laurent et explore les territoires alentour, auxquels il donne le nom de « Canada », tiré du mot iroquoien kanata (« village »). Jacques Cartier
57%
Aventurier portugais est connu pour avoir trouvé une route maritime vers l'Inde en contournant l'Afrique (est). C’est le premier à avoir mis pied sur le continent indien (et non pas le célèbre explorateur génois). Il réussit cet exploit en 1497. Il meurt en Inde. Vasco de Gama
57%
Navigateur et explorateur espagnol qui part faire fortune aux « Indes » (c'est-à-dire aux Amériques) puis à Cuba. Il est connu pour avoir conquis le Mexique pour le compte de l'empereur Charles Quint (aussi roi de Castille), et avoir été le principal artisan de l'effondrement de l'Empire aztèque. Hernan Cortes
43%
Explorateur anglais qui cartographie la Nouvelle-Zélande et la côte orientale de l'Australie. Il découvre la Nouvelle-Calédonie le 4 septembre 1774. James Cook
43%
Nom de son bateau le plus petit (en bas). La Niña
43%
Explorateur islandais et fils du précédent navigateur qui aurait été le premier Européen à avoir foulé le sol de l’Amérique du Nord, qu’il appelle Vinland (“terre de vignes”). Leif Eriksson
43%
Navigateur et explorateur néerlandais du XVIIe siècle. Il le premier navigateur européen à explorer en 1642 la Tasmanie et la Nouvelle-Zélande. Il fut aussi le premier Européen connu à explorer les îles Fidji, en 1643. En 1644, Tasman entreprend un nouveau voyage et longe des côtes inconnues, qu'il cartographie et appelle Nouvelle-Hollande la future Australie. Abel Tasman
29%
Explorateur britannique né près de Glascow célèbre pour ses expéditions en Afrique et sa quête des sources du Nil. Il découvrit la vallée du Zambèze et les chutes Victoria. David Livingstone
29%
Connu sous le nom de Barbe Noire (en anglais : Blackbeard), c'est un pirate anglais qui a opéré dans les Antilles et sur la côte Est des colonies britanniques en Amérique. Edward Teach
29%
Navigateur et explorateur britannique qui a exploré l'Arctique et l'Amérique du Nord : une baie, un fleuve et un détroit portent son nom. Henry Hudson
29%
Explorateur océanographique français, et un des emblèmes de l'écologie mondiale des années 1960 aux années 1990 avec sa sensibilisation à la faune marine auprès du public. Il commande la Calypso. Jacques-Yves Cousteau
29%
Nom de son bateau le plus rapide (à droite). La Pinta
29%
Traité entre l'Espagne et le Portugal, conclu le 7 juin 1494 dans cette ville du royaume de Castille afin de partager le monde entre une zone réservée à l'Espagne et une zone réservée au Portugal. Ce traité est conclu à la suite du premier voyage d'un explorateur génois à travers l'océan Atlantique (1492-1493). Le traité de Tordesillas
29%
Chefs d'expédition américains qui réalisent la première expédition terrestre à traverser le futur territoire des États-Unis jusqu'à la côte pacifique. Lewis et Clark
29%
Naturalisé français, cet italien est un explorateur et officier de marine qui a grandement contribué à la colonisation de l’Afrique centrale avec la France. La capitale du Congo (Français) a été nommée en son honneur. Pietro Brazza
29%
Colonisateur, navigateur, cartographe français. En 1608, il fonde la ville de Québec. Samuel de Champlain
29%
Nom de son plus grand bateau (à gauche). Santa Maria
29%
Explorateur danois au service de la marine russe. Son objectif est de vérifier si l’Asie et l’Amérique sont reliées et d’essayer de trouver un passage pour aller en Chine et en Inde à travers l’océan Arctique. Il (re)découvrit le détroit auquel on a attribué ensuite son nom. Vitus Jonassen Béring
29%
Eunuque chinois musulman qui commanda sept voyages jusqu'au Moyen-Orient et l'Afrique de l'Est, qui firent de la Chine la plus grande puissance navale d'Asie dans les années 1400 avant de prendre des mesures de repli et d’isolationnisme. Zheng He
29%
Naturaliste, géographe et explorateur allemand qui a notamment donné son nom à un courant marin du Pacifique qui longe les côtes des pays d'Amérique du Sud (de bas en haut). Alexander von Humboldt
14%
Entre 1700 et 1725, c'est l’âge d'or de la piraterie. Parmi les pirates célèbres, deux sont des femmes : une irlandaise et une anglaise. Elles se battaient aussi bien que des hommes - voire mieux, paraît-il. D'ailleurs, elles buvaient et juraient autant que leurs compagnons. À bord, elles portaient le plus souvent des vêtements masculins. Anne Bonny et Mary Read
14%
Explorateur portugais surtout connu pour avoir franchi la pointe sud de l'Afrique en 1487 (ce qu'on appelle aujourd'hui le Cap de Bonne-Espérance). Bartolomeu Dias
14%
Explorateur américain, pionnier de la colonisation de l'Amérique du Nord, dont les exploits sur « la Frontière » en firent l'un des héros populaires du folklore des États-Unis. Il explora les territoires correspondant aux États actuels du Tennessee et surtout du Kentucky, situés entre les Treize colonies et la colonie française de Louisiane. Une série porte son nom et un humoriste et comédien français en a utilisé le pseudonyme. Daniel Boone
14%
Explorateur anglais. Il a exploré l'ouest du Canada. Il a co-découvert le mont Saint Helens. Une ville canadienne a été nommée en son hommage. George Vancouver
14%
Navigateur italien expérimenté qui explore la région de Terre-Neuve où il remarque des bancs de morues sur les côtes. Suivant une route plus nordique, il atteint un rivage. C’est peut-être le Labrador, Terre-Neuve, les îles de Cap-Breton ou l’Île-du-Prince-Édouard. Giovanni Caboto/Jean Cabot
14%
Homme d'affaires et explorateur italien, le premier Européen à explorer, au nom de la France, la côte atlantique de l'Amérique du Nord, prélude à la colonisation française des Amériques ; c'est lui qui donne à ces nouveaux territoires le nom de « Nova-Gallia » (Nouvelle-France). Il avait baptisé New York La Nouvelle-Angoulême. Giovanni da Verrazzano
14%
Fils du roi Jean Ier du Portugal, il est à l'origine de l'entreprise d'exploration des côtes de l'Afrique, qui commence en 1415 et aboutit en 1488 à la découverte du cap de Bonne-Espérance, puis en 1498 au premier voyage direct de l'Europe à l'Inde. Il n'a jamais vraiment navigué et n'a fait aucune découverte géographique. Henri le Navigateur
14%
Explorateur britannique qui a retrouvé ce dernier et exploré la rive gauche du Congo : il travaille pour Léopold II, roi de Belgique conférant aux Belges la rive gauche et le Congo belge (RDC) face à la personne ci-dessous et la rive droite du Congo (Français). Henry Morton Stanley
14%
Né à Tanger et mort à Marrakech, il aurait parcouru 120 000 kilomètres de la Mecque jusqu'aux bords de la Volga, en passant par le Mali ou encore la Chine. Connu dans le monde arabe comme l'un des plus grands explorateurs de tous les temps. Ibn Battūta
14%
Explorateur français. L'une de ses missions a pour destinations l'île de France (appelé aujourd'hui l'île Maurice dans l'océan indien). Jean-François de La Pérouse
14%
Pirate anglais et corsaire qui s'opposa aux Espagnols au XVIIIe siècle. Une île appartenant à la France est nommée d'après lui, qui s'y cacha en 1705. John Clipperton
14%
Pirate du XVIIIe siècle. Il doit son surnom aux vêtements très colorés faits de calicots qu'il portait. Il est surtout connu parce qu'il comptait parmi les membres de son équipage les deux plus célèbres femmes pirates ci-dessous. John Rackham
14%
Navigateur et un explorateur espagnol. Il est né en 1476 à Getaria dans le Pays basque espagnol. Il fait partie de l'expédition de la personne ci-dessous et après la mort de celui-ci, il termine le voyage des Moluques de retour vers l'Espagne ; avec ses marins, il est donc le premier à avoir effectué le tour du monde. Juan Sebastián Elcano
14%
Explorateur français qui explore l'archipel du Vanuatu, l'archipel des Louisiades, les îles Salomon, et découvre le 30 juin 1768, l'île à laquelle on donnera par la suite son nom actuellement située à la jonction entre les îles Salomon et la Papouasie-Nouvelle-Guinée. Louis Antoine de Bougainville
14%
Alpiniste et un homme politique français. En 1950, il a notamment conquis avec Louis Lachenal le sommet de l'Annapurna, de plus de 8 000 mètres d'altitude, une première mondiale. Maurice Herzog
14%
Naturaliste d'origine polonaise qui fut officier de l'armée impériale russe, géographe et explorateur de l'Asie centrale. Il est considéré comme le premier Européen ayant rencontré la seule espèce de cheval sauvage connue, auquel on donna son nom. Nikolaï Mikhaïlovitch Prjevalski
14%
Navigateur portugais est considéré comme « le découvreur du Brésil ». Il est chargé par le roi du Portugal Manuel Ier d'aller aux Indes orientales et de poursuivre l'œuvre de son prédécesseur. Pedro Alvares Cabral
14%
Explorateur français et premier Européen connu à revenir de la ville de Tombouctou, au Mali, cité alors mythique et interdite aux chrétiens, réputée depuis des siècles pour sa richesse et sa splendeur. René Caillé
14%
Marin norvégien qui devient, à 39 ans, le premier homme à atteindre le pôle Sud en décembre 1911 et le pôle nord le 12 mai 1926. Roald Amundsen
14%
Corsaire, armateur et négrier français. Embarqué dès l'âge de treize ans, il devient ensuite capitaine corsaire. Il harcèle les marines marchandes et militaires britanniques, non seulement sur les mers de l'Europe, mais aussi sur celles des Indes, et reçoit d'eux le surnom de « tigre des mers ». Il se met au service de Napoléon et est nommé membre de la Légion d'honneur le 14 juin 1804. Robert Surcouf
14%
Navigateur et explorateur britannique du XVIIIe siècle. Il aborde en 1767, au nord-est des Fidji, une île qui est baptisée en son honneur aujourd'hui COM française. Samuel Wallis
14%
Corsaire, explorateur et homme politique anglais du XVIe siècle. Il effectue la deuxième circumnavigation de la Terre entre 1577 et 1580. Il est commandant en second de la flotte anglaise qui affronte l'Invincible Armada espagnole en 1588. Sir Francis Drake
14%
Explorateur, érudit et humaniste français. Il est « le grand spécialiste français des déserts », « l'un des plus grands spécialistes du Sahara au XXe siècle ». Théodore André Monod
14%
Navigateur portugais du XVIe siècle, qui participa aux premières grandes expéditions portugaises. Il découvre en 1506 l'archipel auquel il donne son nom (aujourd’hui sous bannière anglaise) mais il ne peut y accoster. Tristan da Cunha
14%
Conquistador espagnol. Il est le premier Européen à avoir découvert l'océan Pacifique depuis sa côte orientale en 1513 en traversant l’isthme de Panama. Vasco Nuñez de Balboa
14%
Explorateur anglais. Lui et ses hommes se sont aventurés à l'intérieur de la Guyane mais échouant dans leur mission de trouver Eldorado. On lui attribue l'introduction du tabac en Virginie et à Jersey, ainsi que de la pomme de terre en Angleterre. La capitale de la Caroline du Nord a été nommée ainsi en son honneur. Walter Raleigh
14%
Navigateur français du début du XVIe siècle qui aurait été le premier français à arriver au Brésil, en 1504. Binot Paulmier de Gonneville
0%
Franciscain de langue flamande qui se rend en Mongolie en 1253-1254 avant celui ci-dessous. Guillaume de Rubrouck
0%
Naturaliste, botaniste, entomologiste et explorateur français de l'Asie du Sud-Est. En 1861, il redécouvre Angkor (Cambodge), ville oubliée et ayant été abandonnée après 1431. Henri Mouhot
0%
Océanographe et océanaute suisse. Il fut, avec le lieutenant Don Walsh de la marine américaine, le premier à explorer la partie la plus profonde connue de l'océan mondial et l'endroit le plus profond connu à la surface de la croûte terrestre, la fosse des Mariannes, Jacques Piccard
0%
Exploratrice et botaniste française. Membre de l'expédition de l'explorateur précédent sur la Boudeuse et l'Étoile de 1766 à 1769, elle est notamment connue pour être la première femme à avoir fait le tour du monde. Elle se déguisait en homme. Jeanne Barret
0%
Officier de marine et explorateur français qui participa à plusieurs voyages d'exploration scientifique en Antarctique entre 1822 et 1840, notamment à bord de l'Astrolabe. Il a découvert en 1840 la Terre Adélie, région côtière d'Antarctique orientale au sud de l'Australie. Jules Dumont d’Urville
0%
Amérindienne d'origine nahua qui joue un rôle important dans la conquête de l'Empire aztèque, faisant office d'interprète entre la personne précédente et les Aztèques. La Malinche
0%
Négociant, écrivain et explorateur russe qui fut le premier Européen moderne connu à se rendre en Inde par une voie terrestre. Nikitine
0%
Explorateur américain, surtout connu pour ses expéditions arctiques à travers le Groenland et à destination du Pôle Nord. Robert Peary
0%
Capitaine et explorateur espagnol. On lui doit l'implantation du centre historique de l'actuel Équateur (Quito) en 1534. Sebastián de Belalcázar
0%
Explorateur et médecin britannique qui découvre le Tibet en 1811-1812. Thomas Manning
0%
Explorateur néerlandais qui a essayé de trouver une route maritime pour atteindre la Chine en passant par le nord. Il n'y est pas parvenu, mais il a découvert le Svalbard, un archipel au nord de la Norvège, et un océan peuplé de baleines boréales (ou baleines du Groenland). La chasse à la baleine a rapporté beaucoup d’argent aux Pays-Bas. Willem Barentsz
0%
L'un des plus importants navigateurs et explorateurs anglais des XVIe et XVIIe siècles. Il effectue plusieurs voyages dans l'océan Arctique et son nom a été donné à une région et à une mer. William Baffin
0%
Né en Écosse, il devient un célèbre corsaire. Le roi Guillaume III lui donne une lettre de course, qui l'autorise à attaquer et à piller des navires ennemis. Son bateau appelé l'Adventure Galley (le Galion de l'Aventure), est équipé de 36 canons et a un équipage de 70 hommes. William Kidd
0%
Aucun quiz correspondant
Distribution des résultats
% des personnes avec chaque résultat
Percentile par nombre de réponses
Votre historique - résultats
Vous n’avez pas pris ce quiz depuis la dernière actualisation